Nonlinear optics / (Record no. 14852)

MARC details
000 -LEADER
fixed length control field 01151cam a2200241 i 4500
001 - CONTROL NUMBER
control field TB12354
003 - CONTROL NUMBER IDENTIFIER
control field IN-BhIIT
005 - DATE AND TIME OF LATEST TRANSACTION
control field 20250402123305.0
008 - FIXED-LENGTH DATA ELEMENTS--GENERAL INFORMATION
fixed length control field 231218s2020 enka b 001 0 eng
020 ## - INTERNATIONAL STANDARD BOOK NUMBER
ISBN 9780128110027 (pbk.)
040 ## - CATALOGING SOURCE
Original cataloging agency IN-BhIIT
041 ## - LANGUAGE CODE
Language code of text eng
082 ## - DEWEY DECIMAL CLASSIFICATION NUMBER
Classification number 535.2
Book number BOY/N
100 1# - MAIN ENTRY--AUTHOR NAME
Personal name Boyd, Robert W.,
Relator term Author.
245 10 - TITLE STATEMENT
Title Nonlinear optics /
Statement of responsibility, etc Robert W. Boyd
250 ## - EDITION STATEMENT
Edition statement 4th ed.
260 ## - PUBLICATION, DISTRIBUTION, ETC. (IMPRINT)
Place of publication London :
Name of publisher Elsevier,
Year of publication 2020.
300 ## - PHYSICAL DESCRIPTION
Number of Pages xxiii, 609 p. :
Other physical details(ill.) ill. ;
Dimensions(size) 25 cm
504 ## - BIBLIOGRAPHY, ETC. NOTE
Bibliography, etc Includes bibliographical references and index.
520 ## - SUMMARY, ETC.
Summary, etc "Nonlinear Optics, Fourth Edition, is a tutorial-based introduction to nonlinear optics that is suitable for graduate-level courses in electrical and electronic engineering, and for electronic and computer engineering departments, physics departments, and as a reference for industry practitioners of nonlinear optics. It will appeal to a wide audience of optics, physics and electrical and electronic engineering students, as well as practitioners in related fields, such as materials science and chemistry"
650 #0 - SUBJECT ADDED ENTRY--TOPICAL TERM
Topical Term Nonlinear optics.
942 ## - ADDED ENTRY ELEMENTS (KOHA)
Koha item type Text Book
Holdings
Withdrawn status Lost status Damaged status Not for loan Collection code Home library Current library Date acquired Source of acquisition Cost, normal purchase price Full call number Accession Number Cost, replacement price Price effective from Koha item type
Not withdrawn Not Lost not damaged   SBS Central Library, IIT Bhubaneswar Central Library, IIT Bhubaneswar 21/02/2025 46 7610.69 535.2 BOY/N TB12354 10425.60 21/02/2025 Text Book
Not withdrawn Not Lost not damaged   SBS Central Library, IIT Bhubaneswar Central Library, IIT Bhubaneswar 21/02/2025 46 7610.69   TB12355 10425.60 21/02/2025 Text Book

Central Library, Indian Institute of Technology Bhubaneswar, 4th Floor, Administrative Building, Argul, Khordha, PIN-752050, Odisha, India
Phone: +91-674-7138750 | Email: circulation.library@iitbbs.ac.in (For circulation related queries),
Email: info.library@iitbbs.ac.in (For other queries)